دراسة الجدوى الاقتصادية للمشاريع / (رقم التسجيلة. 23222)

تفاصيل مارك
000 -الفاتح
حقل البيانات ثابتة الطول 00775nam a22002177a 4500
003 - محدد رقم الضبط
رقم الضبط OSt
005 - وقت وتاريخ اخر تعامل مع التسجيلة
رقم الضبط 20150408114034.0
008 - عناصر البيانات ثابتة الطول - معلومات عامة
حقل البيانات ثابتة الطول 120514s2011 jo ||||g b 00| 0 ara d
020 ## - الرقم الدولى المعيارى للكتب
الرقم الدولى المعيارى للكتاب 9789957741020
040 ## - مصدر الفهرسة
وكالة النسخ MU
082 04 - رقم تصنيف ديوى العشرى
رقم الطبعة 21
رقم التصنيف 658.4012
رقم المادة ط ج د
100 1# - المدخل الرئيسى - إسم شخصى
الإسم الشخصى الطليوني، جهاد فراس.
9 (RLIN) 14021
245 10 - بيان العنوان
العنوان دراسة الجدوى الاقتصادية للمشاريع /
بيان المسئوليه,etc تأليف جهاد فراس الطليوني.
250 ## - بيان الطبعة
بيان الطبعة ط. 1.
260 ## - PUBLICATION, DISTRIBUTION, ETC. (IMPRINT)
مكان الناشر او الموزع عمان، الأردن :
اسم الناشر او الموزع دار كنوز المعرفة العلمية،
تاريخ النشر أو التوزيع 2011.
300 ## - الوصف المادى
التعداد 256 ص. :
تفاصيل ماديه اخرى للوعاء جداول ؛
أبعاد الوعاء 24 سم.
504 ## - تبصرة ببليوجرافية
تبصرة ببليوجرافية,الخ ببليوجرافية : ص. 253-256.
650 #4 - المدخل الاضافى بالموضوع-مصطلح موضوعى
مصطلح موضوعي أو اسم جغرافي كعنصر مدخل الاستثمار.
9 (RLIN) 14023
650 #4 - المدخل الاضافى بالموضوع-مصطلح موضوعى
9 (RLIN) 9697
مصطلح موضوعي أو اسم جغرافي كعنصر مدخل دراسات الجدوى
942 ## - عناصر المدخل الإضافي( كوها)
مصدر التصنيف او مخطط الترفيف Dewey Decimal Classification
Koha [default] item type DVD
المقتنيات
حالة الفقد نموذج السعر الفعال حالة تلف ليس للاعارة رقم الطلب رقم النسخة تاريخ الاكتساب الموقع الحالي الباركود الفرع الرئيسي Total Renewals Date last checked out Date last seen نوع المادة فى نظام كوها مصدر التصنيف او خطة الترفيف Total Checkouts
  2013-03-10     658.4012 ط ج د ن 1 2012-05-14 المكتبة المركزية بالمجمعة (CL) 00104376 المكتبة المركزية بالمجمعة (CL) 1 2025-09-04 2025-10-08 كتاب Dewey Decimal Classification 2
  2013-03-10     658.4012 ط ج د ن 2 2012-05-14 المكتبة المركزية بالمجمعة (CL) 00104377 المكتبة المركزية بالمجمعة (CL)     2013-03-10 كتاب Dewey Decimal Classification  
  2013-03-10     658.4012 ط ج د ن 3 2012-05-14 المكتبة المركزية بالمجمعة (CL) 00104378 المكتبة المركزية بالمجمعة (CL)   2012-11-04 2013-03-10 كتاب Dewey Decimal Classification 1
  2013-03-10     658.4012 ط ج د ن 1 2012-05-14 قسم الاجراءات الفنية (IC) 00104379 قسم الاجراءات الفنية (IC) 1 2016-03-31 2016-04-11 كتاب Dewey Decimal Classification 2
  2013-03-10     658.4012 ط ج د ن 2 2012-05-14 قسم الاجراءات الفنية (IC) 00104380 قسم الاجراءات الفنية (IC)   2018-11-04 2019-01-10 كتاب Dewey Decimal Classification 1
  2013-03-10     658.4012 ط ج د ن 1 2012-05-14 مكتبة كلية العلوم و الدراسات الإنسانية برماح - طالبات (SRF) 00104347 مكتبة كلية العلوم و الدراسات الإنسانية برماح - طالبات (SRF)     2013-03-10 كتاب Dewey Decimal Classification  
  2013-03-10     658.4012 ط ج د ن 2 2012-05-14 مكتبة كلية العلوم و الدراسات الإنسانية برماح - طالبات (SRF) 00104348 مكتبة كلية العلوم و الدراسات الإنسانية برماح - طالبات (SRF)     2013-03-10 كتاب Dewey Decimal Classification  
  2013-03-10     658.4012 ط ج د ن 1 2012-05-14 مكتبة كلية العلوم و الدراسات الإنسانية برماح - طلاب (SRM) 00104381 مكتبة كلية العلوم و الدراسات الإنسانية برماح - طلاب (SRM)     2013-03-10 كتاب Dewey Decimal Classification  
  2013-03-10     658.4012 ط ج د ن 2 2012-05-14 مكتبة كلية العلوم و الدراسات الإنسانية برماح - طلاب (SRM) 00104346 مكتبة كلية العلوم و الدراسات الإنسانية برماح - طلاب (SRM)     2013-03-10 كتاب Dewey Decimal Classification